Loading...
| History - American | 0 | 3 | 0 | 1 | 30 | 81 | 106.33 | 0 | 2 | 5.78 | 20.83 |
| Literature - World | 1 | 1 | 0 | 0 | 25 | 57 | 101.00 | 0 | 1 | 7.04 | 11.11 |
| Literature - European | 0 | 2 | 0 | 1 | 20 | 131 | 132.00 | 0 | 0 | 2.20 | 4.17 |
| Fine Arts - Other | 0 | 1 | 0 | 1 | 10 | 133 | 133.00 | 0 | 0 | 0.08 | 1.39 |
| History - European | 0 | 1 | 0 | 0 | 10 | 66 | 66.00 | 0 | 1 | 5.24 | 9.72 |
| Science - Biology | 0 | 1 | 0 | 1 | 10 | 91 | 91.00 | 0 | 0 | 1.75 | 4.17 |
| Social Science | 0 | 1 | 0 | 1 | 10 | 106 | 106.00 | 0 | 0 | 1.30 | 6.94 |
| Geography | 0 | 1 | 1 | 0 | 5 | 99 | 99.00 | 0 | 0 | 5.36 | 3.13 |
| Fine Arts - Painting and Sculpture | 0 | 0 | 0 | 0 | 0 | 0.00 | 0 | 0 | 0.00 | 0.00 | |
| Science - Chemistry | 0 | 0 | 0 | 0 | 0 | 0.00 | 0 | 0 | 0.00 | 0.00 | |
| Literature - British | 0 | 0 | 0 | 0 | 0 | 0.00 | 0 | 0 | 0.00 | 0.00 |